German Cities over 100k starting with "D" - Statistics

General Stats
  • This quiz has been taken 25 times
  • The average score is 4 of 5
Answer Stats
Inhabitants City % Correct
631,217 Düsseldorf
100%
566,222 Dresden
95%
503,707 Duisburg
95%
595,471 Dortmund
91%
164,792 Darmstadt
50%
No matching quizzes found
Score Distribution
Percent of People with Each Score
Percentile by Number Answered
Your Score History
You have not taken this quiz